00811 2200301 4500001002100000005001500021035002000036007000300056040001700059100002500076245006300101250001200164300003600176504002800212041000800240082000600248084001200254090001600266264004500282336002100327337003000348338002300378500002300401650001800424850001000442008004100452990001600493INLIS00000000000649720260412121250 a0010-0422000102ta aSBPUPADbind0 aSoeparmanePengarang1 aIlmu Penyakit Dalam :bJilid Satu Edisi Kedua /cSoeparman a.-Cet.2 axiv,840 hlm :billus. ;c24 cm aBibliografi,Hlm 769-8080 aind aR aR SOE i aR SOE iL1-1 a.--Jakarta :bBalai Penerbit FKUI,c1987 2rdacontentaTeks 2rdamediaaTanpa Perantara 2rdacarrieravolume aIndeks,Hlm 809-839 4aIlmu Penyakit aPUPAD260412 0  a00000016605